Music Quiz

Random Music or Artist Quiz

'Lost' & 'Found' Songs Quiz Stats

 Plays Quiz Updated Jun 29, 2018

Challenge
Share
Tweet
Embed
Score 0/20 Timer 02:30
8 Plays Today
% Correct
For
94.6%
Flavour
93.2%
Way
92.8%
Used
91.6%
Feelin'
90.9%
Faith
90.5%
Home
89.5%
Another
89.3%
Religion
88.5%
Love
86.7%
% Correct
Yourself
83.2%
Control
83%
Number
78.7%
You
75.6%
in
74.5%
Baby
74.3%
Me
70.3%
Without
67.8%
Someone
55.9%
Emotion
55.9%

You're not logged in!

Compare scores with friends on all Sporcle quizzes.
Join for Free
OR
Log In

You Might Also Like...

Show Comments

Extras

Top Quizzes Today


Score Distribution

Your Account Isn't Verified!

In order to create a playlist on Sporcle, you need to verify the email address you used during registration. Go to your Sporcle Settings to finish the process.

Report this User

Report this user for behavior that violates our Community Guidelines.

Details: